Potenciál fraktálov pri modelovaní krajiny

Na minha lista:
Detalhes bibliográficos
Autor principal: Porubanová, Veronika (Author)
Outros Autores: Faixová Chalachanová, Jana (Thesis advisor)
Formato: Manuscrito Livro
Idioma:eslovaco
Publicado em: 2018
Assuntos:
Acesso em linha:http://is.stuba.sk/zp/portal_zp.pl?podrobnosti=128970
https://opac.crzp.sk/?fn=detailBiblioForm&sid=7748F8ABF7A423EAE571D93BD0B0
Tags: Adicionar Tag
Sem tags, seja o primeiro a adicionar uma tag!

MARC

LEADER 00000ntm a22000003a 4500
001 stuzp68683
003 SK-STU
005 20230628135321.3
007 ta
008 150427s2015----xo-----f-mn---000-0-slo-d
040 |a STU  |b slo 
041 0 |a slo 
100 1 |a Porubanová, Veronika  |u 010130  |4 aut  |U SvF Stavebná fakulta  |T SvF Katedra geodetických základov  |X 9608  |U V130  |Y 13  |7 9608 
242 0 1 |a Potential of fractals in landscape modeling  |y eng 
245 1 0 |a Potenciál fraktálov pri modelovaní krajiny 
260 |c 2018 
650 4 |a fraktálna dimenzia  |2 slo 
650 4 |a box-counting  |2 slo 
650 4 |a python  |2 slo 
650 4 |a fractal dimension  |2 eng 
650 4 |a box-counting  |2 eng 
650 4 |a python  |2 eng 
700 1 |a Faixová Chalachanová, Jana  |u 010130  |k Z1  |4 ths  |U SvF Stavebná fakulta  |T SvF Katedra geodetických základov  |X 4051  |U V130  |Y 13  |7 A000004051 
856 4 |u http://is.stuba.sk/zp/portal_zp.pl?podrobnosti=128970 
856 4 |u https://opac.crzp.sk/?fn=detailBiblioForm&sid=7748F8ABF7A423EAE571D93BD0B0